Deutschsprachige YTK-Ersteller - Statistiken

Allgemein
  • Dieses Quiz wurde 45 mal gespielt
    5 seit der letzten Aktualisierung
  • Das Durchschnittsergebnis liegt bei 21 aus 74
Antwortstatistiken
Abos Antwort % Korrekt
364.000 MinerMorsel
100%
3.400 Ameisenigel
80%
403.000 Galileel
80%
157.000 Peterskotstube
80%
196.000 Sostrator
80%
3.000 Edel Rind
60%
14.200 JeezyFrankie
60%
14.000 MachtetJetzt
60%
gelöscht Memorizzi
60%
27.900 Pikminze
60%
61.100 Saubstauger
60%
900 Scheissewasser
60%
5.300 Schnitzelkasper
60%
13.300 SchockTV
60%
95.500 Soosenbinder
60%
300 Wendigockel
60%
5.600 AllradMuelleimer
40%
22.100 Die Kotkuchl
40%
1.100 Gigasoos
40%
2.900 Kengelmann5000
40%
45.600 Kotkapitän
40%
9.700 KreativPoop
40%
9.600 Mundsaune
40%
2.000 PauulTV
40%
4.800 PedoPeterPoops
40%
25.000 PiffPaffPuff
40%
2.200 Polymachaeroplagides
40%
8.900 TheMackey5
40%
53.100 Triko
40%
25.000 YouKack
40%
340 420Stuusch
20%
5.000 ArThedork
20%
2.800 CreeperMitHut
20%
5.700 DeMarschmallow
20%
8.300 DerAaron
20%
4.800 DerLustigeLappen
20%
47.500 Donutgamer
20%
8.800 Dulcamarus
20%
19.100 Es ist Obst im Haus
20%
400 Fluktuation Acht
20%
6.000 Hunter_96
20%
220 KakaYTK
20%
1.400 KillerDreck
20%
5.600 LaangelaMeem
20%
1.200 L.A.R.S.
20%
6.100 MadenYTK
20%
1.800 Mebamme
20%
4.800 MemeFlow
20%
49.300 pLOLitik
20%
19.200 Pommestoaster
20%
14.200 Rentnerbank
20%
15.600 Reptiluido
20%
4.400 Seesamstraße
20%
720 Soosistda
20%
780 Benuetzterlein
0%
1.300 Brigbain
0%
1.300 Cano
0%
2.800 Dr. Klenks Poopecke
0%
17.700 FanBoyAllianz
0%
850 FlüssigKot
0%
1.000 FraeuleinBarbara
0%
4.000 HarterStuhligan
0%
1.000 iMaschine
0%
1.300 Ledersoosen
0%
2.800 LolLenus
0%
2.800 MagicKaputt
0%
19.700 PimarProductions
0%
6.200 Pinguin mit Hut
0%
3.500 S00S04
0%
650 SheldorYTK
0%
5.000 Soosenmix
0%
500 Stenker
0%
1.700 SystemYTP
0%
43.600 YTKFactory
0%
Keine übereinstimmenden Quizze gefunden
Verteilung der Resultate
Anzahl Personen mit jedem Resultat
Perzentil nach korrekt beantworteten Fragen
Ihre Resultats-Entwicklung
Sie haben dieses Quiz seit der letzten Aktualisierung nicht gespielt